000 01420nam0a22002651 4500
001 rc\1043611
005 20041129103436.9
035 _a(NLR Aleph) 006205986
090 _a6317551
_c6317551
100 _a20041129d1981 u |0rusy50 ca
101 0 _arus
102 _aRU
105 _ay |||||||||
200 1 _aКомплексное планирование использования и воспроизводства лесных ресурсов в регионе
_f[К. с.-х. н. Кожухов Н.И.]
210 _aМ.
_cВНИПИЭИлеспром
_d1981
215 _a27 с.
_d21
225 1 _aЭкономика и управление в лесной, целлюлозно-бумажной и деревообрабатывающей промышленности
_eОбзор. информ.
_fВсесоюз. н.-и. и проект. ин-т экономики, орг. упр. пр-вом и информ. по лесн., целлюлоз.-бум. и деревообрабатывающей пром-сти
_vВып. 1
300 _aВ надзаг. также: М-во лесн., целюлоз.-бум. и деревообрабатывающей пром-сти СССР
320 _aБиблиогр.: с. 26
700 1 _aКожухов
_bН. И.
_gНиколай Иванович
801 0 _aRU
_bNLR
_gpsbo
801 1 _aRU
_bELAR
_2rusmarc
852 _aNLR
_jП22/4752
942 _cBOOK
980 _aNB